Zdaňovanie podielov na zisku (dividend) v kontexte zmien od 1. 1. 2017

Pokračovanie príspevku z predchádzajúceho čísla. Vo všeobecnosti pojem majetok má podľa Komentára k Modelovej zmluve OECD k Článku 10 rovnaký význam ako je definovaný v obchodnom práve. Do úvahy sa neberú rozdiely medzi rôznymi druhmi akcií, ak tieto umožňujú „akcionárovi“ väčšie práva ako účasť na...

Celý popis

Uložené v:
Podrobná bibliografia
Hlavný autor: Slivková, Dana
Médium: Kapitola
Jazyk:Slovak
Predmet:
Tagy: Pridať tag
Žiadne tagy, Buďte prvý, kto otaguje tento záznam!

MARC

LEADER 00000naa a2200000 4500
001 0236722
005 20221104110942.4
041 0 |a slo 
044 |a SK 
245 1 0 |a Zdaňovanie podielov na zisku (dividend) v kontexte zmien od 1. 1. 2017  |c Dana Slivková 
520 |a Pokračovanie príspevku z predchádzajúceho čísla. Vo všeobecnosti pojem majetok má podľa Komentára k Modelovej zmluve OECD k Článku 10 rovnaký význam ako je definovaný v obchodnom práve. Do úvahy sa neberú rozdiely medzi rôznymi druhmi akcií, ak tieto umožňujú „akcionárovi“ väčšie práva ako účasť na majetku spoločnosti. Ilustračná situácia. 
610 2 0 |a zdaňovanie 
610 2 0 |a podiely na zisku 
610 2 0 |a dividendy 
610 2 0 |a majetok 
610 2 0 |a zmluvy medzinárodné 
100 1 |a Slivková, Dana